Pri komíne znel dixieland jazz band Jozefa Olajoša

Bibliographic Details
Format: Article
Language:Slovak
PhysicalDescription:Fotogr.
ISSN:1338-659X
Subjects:

MARC

LEADER 00000nab a2200000 a 4500
001 vtls010526350
003 SK-MaSNL
005 20260303210637.0
008 130710c20130709xo drz 0 0slo
038 |a KEVKJB 
040 |a KEVKJB  |b slo  |c KEVKJB  |e AACR2 
041 0 |a slo 
044 |a xo  |c SK 
080 |a 78.036.9  |2 2001 
245 0 0 |a Pri komíne znel dixieland  |b jazz band Jozefa Olajoša  |c [autor] (sam) 
300 |b Fotogr. 
600 1 7 |a Olajoš, Jozef  |2 kevkjb  |9 440028 
610 2 7 |a Dixie jazz band Jozefa Olajoša (Košice, Slovensko)  |2 kevkjb  |9 1242650 
650 0 7 |a dixieland  |2 kevkjb  |9 246226 
651 7 |a Košice (Slovensko)  |2 kevkjb  |9 18694 
773 0 |t Korzár : denník Košického kraja  |g Roč. XVI., č. 157 (9.7.2013), s. 4  |x 1338-659X 
852 |a KEVKJB  |b KIS3GCP 
999 |c 2201042  |d 2202972